| 000 | 00413pab a2200145 454500 | ||
|---|---|---|---|
| 008 | 180718b1983 xxu||||| |||| 00| 0 eng d | ||
| 100 | _aRaman, V. | ||
| 245 |
_aAppropriate environmental analysis approach to siting of industry _bA case study |
||
| 260 | _c1983 | ||
| 300 | _a81-91 | ||
| 362 | _aApr. | ||
| 650 | _aTrade Waste - India - M.P. | ||
| 773 | _aIndian Journal of Environmental Health | ||
| 909 | _a19360 | ||
| 999 |
_c19360 _d19360 |
||